LEADER 04146nam 22006975 450 001 9910437629903321 005 20240509003138.0 010 $a9783030643881 010 $a3030643883 024 7 $a10.1007/978-3-030-64388-1 035 $a(CKB)4100000011704555 035 $a(DE-He213)978-3-030-64388-1 035 $a(MiAaPQ)EBC6452466 035 $a(EXLCZ)994100000011704555 100 $a20210107d2020 u| 0 101 0 $aeng 135 $aurnn|008mamaa 181 $ctxt$2rdacontent 182 $cc$2rdamedia 183 $acr$2rdacarrier 200 10$aMindfulness-based Emotion Focused Counselling /$fby Padmasiri de Silva 205 $a1st ed. 2020. 210 1$aCham :$cSpringer International Publishing :$cImprint: Palgrave Macmillan,$d2020. 215 $a1 online resource (XXXIII, 264 p. 1 illus.) 311 08$a9783030643874 311 08$a3030643875 320 $aIncludes bibliographical references and index. 327 $aChapter 1: Introduction to Emotion Studies -- Chapter 2: Emotion Profiles: Anger -- Chapter 3: Emotions and the Body -- Chapter 4: Buddhist Architecture of the Mind -- Chapter 5: James, Darwin & Freud on Emotions -- Chapter 6: Will and Emotions -- Chapter 7: Elegance of Being Your Own Therapist -- Chapter 8: Understanding Depression -- Chapter 9: Stress Management -- Chapter 10: Pain Management -- Chapter 11: Three Ways of Dealing Disturbing Emotions -- Chapter 12: Emotion of Subliminal Fear -- Chapter 13: Destructive Emotions -- Chapter 14: Emotions as Metaphors -- Chapter 15: Compassion -- Chapter 16: Loneliness, Connectedness and Solitude -- Chapter 17: Greed, Sensuality and the Acquisitive Drive -- Chapter 18: Pride, Conceit and Humility -- Chapter 19 Addictions -- Chapter 20 Emotions and Health -- Chapter 21 Exploring a Buddhist Theory of Humour -- Chapter 22 Environmentalism as a way of Life -- Chapter 23 Emotions of Altruism -- Chapter 24 Contemplative Education -- Chapter 25 Work Ethics -- Chapter 26 Mindfullness-Based Cognitive Therapy -- Chapter 27 Compassionate Mental Health Care -- Chapter 28 Anger as a Moral Emotion. 330 $aThis book examines the use of Buddhist ideas, particularly mindfulness, to manage a broad spectrum of emotions and to address social and economic issues impacting the world, such as climate change. Beginning with a brief history of emotion studies, it highlights how recent developments in neuroscience and cognitive science have paved the way for exploring the utility of Buddhist concepts in addressing various psychological and social problems in the world. It profiles a wide range of emotions from Western and Buddhist perspectives including anger, sadness, depression, pride, and compassion, and analyses the integration of Buddhist ideas into modern clinical practice. Finally, the author demonstrates the utility of mindfulness in the regulation of emotions in various settings, including psychiatric clinics, schools, and businesses. Anchored in the Buddhist tradition this book this book provides a unique resource for students and scholars of counselling, psychotherapy, clinical psychology and philosophy. 606 $aCounseling 606 $aBuddhist philosophy 606 $aEmotions 606 $aClinical psychology 606 $aBuddhism 606 $aCounseling Psychology 606 $aBuddhist philosophy 606 $aEmotion 606 $aClinical Psychology 606 $aEmotion Theory 606 $aBuddhism 615 0$aCounseling. 615 0$aBuddhist philosophy. 615 0$aEmotions. 615 0$aClinical psychology. 615 0$aBuddhism. 615 14$aCounseling Psychology. 615 24$aBuddhist philosophy. 615 24$aEmotion. 615 24$aClinical Psychology. 615 24$aEmotion Theory. 615 24$aBuddhism. 676 $a152.4 700 $aDe Silva$b Padmasiri$f1933-$0902475 702 $aDeegalle Mahinda$f1961- 801 0$bMiAaPQ 801 1$bMiAaPQ 801 2$bMiAaPQ 906 $aBOOK 912 $a9910437629903321 996 $aMindfulness-based emotion focused counselling$92017471 997 $aUNINA LEADER 01865oas 2200661 a 450 001 9910679717303321 005 20260218112600.0 011 $a2573-7104 035 $a(DE-599)ZDB2156384-6 035 $a(OCoLC)48560174 035 $a(CONSER) 2013250752 035 $a(CKB)111025125905002 035 $a(DE-599)2156384-6 035 $a(EXLCZ)99111025125905002 100 $a20011209a20009999 sy a 101 0 $aeng 135 $auranu|||||||| 181 $ctxt$2rdacontent 182 $cc$2rdamedia 183 $acr$2rdacarrier 200 10$aJournal of research administration 210 $aWashington, DC $cSociety of Research Administrators$d2000- 210 3 $aArlington, VA $cSociety of Research Administrators International 300 $aRefereed/Peer-reviewed 311 08$a1539-1590 311 08$aPrint version: Journal of research administration 1539-1590 (DNL) 00252741 (OCoLC)43782178 531 0 $aJ. res. adm. 606 $aResearch$xManagement$vPeriodicals 606 $aResearch Support as Topic 606 $aResearch$xManagement$2fast$3(OCoLC)fst01095208 608 $aPeriodicals.$2fast 615 0$aResearch$xManagement 615 2$aResearch Support as Topic. 615 7$aResearch$xManagement. 676 $a001 712 02$aSociety of Research Administrators 712 02$aSociety of Research Administrators International 801 0$bHNK 801 1$bHNK 801 2$bEYM 801 2$bOCLCQ 801 2$bTJC 801 2$bCUD 801 2$bOCLCQ 801 2$bBUF 801 2$bOCLCF 801 2$bOCLCQ 801 2$bDLC 801 2$bVT2 801 2$bOCLCQ 801 2$bIOY 801 2$bSFB 801 2$bOCLCL 801 2$bOCLCQ 906 $aJOURNAL 912 $a9910679717303321 996 $aJournal of research administration$91917114 997 $aUNINA